Los managers europeos / (Record no. 122523)

MARC details
000 -LEADER
campo de control de longitud fija 00581nam a2200193 4500
001 - NÚMERO DE CONTROL
campo de control 122523
003 - IDENTIFICADOR DE NÚMERO DE CONTROL
campo de control ES-MaACL
005 - FECHA Y HORA DE LA ÚLTIMA TRANSACCIÓN
campo de control 20230906192007.0
007 - CAMPO FIJO DE DESCRIPCIÓN FÍSICA--INFORMACIÓN GENERAL
campo de control de longitud fija t|
008 - DATOS DE LONGITUD FIJA--INFORMACIÓN GENERAL
campo de control de longitud fija 070214s1972 sp r ||||1| spa d
100 1# - ENTRADA PRINCIPAL--NOMBRE DE PERSONA
Nombre de persona Priouret, Roger.
9 (RLIN) 93993
245 14 - MENCIÓN DEL TÍTULO
Título Los managers europeos /
Mención de responsabilidad, etc. Roger Priouret. J. Serrats Ollé ; [traducción de J. Ferrer Aleu].
250 ## - MENCION DE EDICION
Mención de edición 1ª ed.
260 ## - PUBLICACIÓN, DISTRIBUCIÓN, ETC.
Lugar de publicación, distribución, etc. Barcelona :
Nombre del editor, distribuidor, etc. Plaza & Janés,
Fecha de publicación, distribución, etc. 1972.
300 ## - DESCRIPCIÓN FÍSICA
Extensión 398 p. ;
Dimensiones 22 cm.
700 1# - ENTRADA AGREGADA--NOMBRE PERSONAL
Nombre de persona Ferrer Aleu, J.
9 (RLIN) 50442
700 1# - ENTRADA AGREGADA--NOMBRE PERSONAL
Nombre de persona Serrats Ollé, J.
9 (RLIN) 105826
852 ## - LOCALIZACIÓN
Ubicación ES-MaACL
Número de control de estantería C-42615
Sublocalización o colección R.80680
Holdings
Estatus retirado Estado de pérdida Estado de daño No para préstamo Biblioteca de origen Biblioteca actual Ubicación en estantería Fecha de adquisición Fuente de adquisición Total de préstamos Signatura topográfica completa Código de barras Visto por última vez Precio de reemplazo Tipo de ítem Koha
        Biblioteca del Ateneo de Madrid Biblioteca del Ateneo de Madrid Depósito 2 17/01/2008     C-42615 1127673 23/02/2023 23/02/2023 Libro impreso